[Event "Titled Tuesday intern op 19th Dec Early"]
[Site "Chess.com INT"]
[Date "2023.12.19"]
[Round "9"]
[White "Mende, Andreas"]
[Black "Kotlyar, Kirill"]
[Result "0-1"]
[WhiteElo "2106"]
[BlackElo "2390"]
[PlyCount "62"]
[EventDate "2023.12.19"]
[EventType "swiss (blitz)"]
[EventRounds "11"]
[EventCountry "USA"]
[SourceTitle "CB52_2023"]
[SourceDate "2023.12.27"]
[SourceVersion "1"]
[SourceVersionDate "2023.12.27"]
[SourceQuality "1"]

1. c4 Nf6 2. g3 c6 3. Bg2 d5 4. Nf3 g6 5. b3 Bg7 6. Bb2 0-0 7. 0-0 Bf5 8. d3 Re8 9. Nh4 Bd7 10. Nd2 Qc8 11. Re1 Bh3 12. Bh1 e5 13. cxd5 cxd5 14. Rc1 Nc6 15. e4 Qd7 16. a3 Rad8 17. exd5 Nxd5 18. Ne4 f5 19. Ng5 h6 20. Nxh3 g5 21. Qh5 gxh4 22. Qxh4 Nf6 23. Qc4+ Kh7 24. Bxc6 bxc6 25. Qxc6 Qxd3 26. Bxe5 Rxe5 27. Rxe5 Ng4 28. Re7 Qd2 29. Qc7 Rg8 30. Qf4 Qd5 31. Rce1 Rc8 0-1

[Event "Titled Tuesday intern op 12th Dec Early"]
[Site "Chess.com INT"]
[Date "2023.12.12"]
[Round "4"]
[White "Chlpik, Martin"]
[Black "Kotlyar, Kirill"]
[Result "1-0"]
[WhiteElo "2283"]
[BlackElo "2390"]
[PlyCount "61"]
[EventDate "2023.12.12"]
[EventType "swiss (blitz)"]
[EventRounds "11"]
[EventCountry "USA"]
[SourceTitle "CB51_2023"]
[SourceDate "2023.12.20"]
[SourceVersion "1"]
[SourceVersionDate "2023.12.20"]
[SourceQuality "1"]

1. d4 Nf6 2. c4 g6 3. g3 Bg7 4. Bg2 0-0 5. e3 c6 6. Ne2 d5 7. Nd2 Nbd7 8. 0-0 Nb6 9. c5 Nbd7 10. b4 e5 11. Bb2 e4 12. a4 Qc7 13. b5 Nh5 14. a5 f5 15. a6 cxb5 16. Nc3 Qc6 17. Qb3 Nhf6 18. f3 Kh8 19. fxe4 fxe4 20. Qxb5 Ng4 21. Rxf8+ Nxf8 22. Ndxe4 Nxe3 23. Nd6 Qxb5 24. Ncxb5 bxa6 25. Nc7 Rb8 26. Nxd5 Nxg2 27. Nxc8 Rxb2 28. Rd1 Nd7 29. Nd6 a5 30. Ne7 Ne3 31. Nf7# 1-0